000 00373cam a2200145ua 4500
020 _a8176221120
082 _a631.587
_bTHO/IR
100 _aThorne, David Wynne
_91148
100 _aPetersion, Howard Boyd
_91149
245 _aIrrigated Soils: Their Fertility and Management /
250 _a2 /
260 _aDelhi
_bBiotech Books
_c2010
300 _a392 ; .
942 _cBK
999 _c7714
_d7714